000 00233nam a2200097Ia 4500
001 986861
005 20250826221109.0
008 250824s9999 xx 000 0 und d
245 0 _aKüçük Deli
_cAhmet Efe
260 _bKayalıpark Genç
999 _c986861
_d986861